000 00476nam a2200157Ia 4500
008 240729s9999 xx 000 0 und d
022 _a2588-3739
245 0 _aJournal of Medicinal Plants and By-products
260 _aIran, Islamic Republic of
260 _bIranian Medicinal Plants Society
650 _a Agriculture (General) | Medicine
650 _aAgriculture
856 _uhttps://doaj.org/toc/809441b39b184488a221ce19d61e3506
942 _2ddc
942 _cDOAJEJ
999 _c70895
_d70895
945 _a1
_bMadushi Gamage
_c1
_dMadushi Gamage